000 00678nam a2200193 i 4500
001 bgj
100 1 _aBARROW, John Sir.
245 1 0 _aThe Mutiny of the Bounty /
_cSir John Barrow ; with an introduction by Admiral Sir Cyprian Bridge GCB.
260 _aOxford ;
_aNew York :
_bOxford University Press,
_c1989.
300 _aXXIII, 376 pp ;
_c20 cm.
500 _a1st published in 1831 under the title "The eventful history of the mutiny of the Bounty".
651 9 _aGreat Britain
_xSailing vesssels
_x"Bounty"
020 _a0192826379 (pbk)
040 _cBPK
041 0 _aeng
920 _a0-19-282637-9 (pbk)
942 _cKS
008 s uk f |000 0 eng
999 _c49306
_d49306
856 _uhttp://koha.tu.koszalin.pl/cgi-bin/koha/opac-detail.pl?biblionumber=49306
_yKatalog online BPK